Comparative virology

Đã lưu trong:
Chi tiết về thư mục
Những tác giả chính: Maramorosch, Karl (autor), Kurstak, Edouard (Tác giả)
Định dạng: Sách
Ngôn ngữ:Tiếng Anh
Được phát hành: Nueva York Academic Press 1971
Những chủ đề:
Các nhãn: Thêm thẻ
Không có thẻ, Là người đầu tiên thẻ bản ghi này!

MARC

LEADER 00000nam a2200000 a 4500
001 UCR5291
003 CL-VaPUC
008 980327e19710000US |||||||||||||||||eng|d
082 0 4 |a 576.64  |b MAR  |2 21 
100 |a Maramorosch, Karl  |e autor  |9 406007 
700 |a Kurstak, Edouard  |e author  |9 406008 
245 1 0 |a Comparative virology 
300 |a 584 p 
942 |c BK 
945 |d 19980327 00:00:00  |a crobeson 
260 |a Nueva York  |b Academic Press  |c 1971 
650 0 |a Virología  |9 327250 
650 0 |a Virus  |9 316452 
650 0 |a Genética  |9 259443 
650 0 |a Microbiología   |9 259706 
583 |a last modification  |c 19980327 00:00:00  |k Rodrigo Vera 
999 |c 267909  |d 267907 
952 |0 0  |1 0  |4 0  |6 576_640000000000000_MAR_1971  |7 0  |8 A  |9 300742  |a BIBALI  |b BIBALI  |c GEN  |d 2019-11-20  |i 196982K  |o 576.64 MAR 1971  |p 196982K  |r 2025-01-20  |w 2019-11-20  |y BK  |k ALI